|
|
|
|
| LEADER |
02880nam a22005535i 4500 |
| 001 |
978-3-642-04694-0 |
| 003 |
DE-He213 |
| 005 |
20170124080419.0 |
| 007 |
cr nn 008mamaa |
| 008 |
100301s2009 gw | s |||| 0|eng d |
| 020 |
|
|
|a 9783642046940
|9 978-3-642-04694-0
|
| 024 |
7 |
|
|a 10.1007/978-3-642-04694-0
|2 doi
|
| 040 |
|
|
|d GrThAP
|
| 050 |
|
4 |
|a QA76.758
|
| 072 |
|
7 |
|a UMZ
|2 bicssc
|
| 072 |
|
7 |
|a COM051230
|2 bisacsh
|
| 082 |
0 |
4 |
|a 005.1
|2 23
|
| 245 |
1 |
0 |
|a Runtime Verification
|h [electronic resource] :
|b 9th International Workshop, RV 2009, Grenoble, France, June 26-28, 2009. Selected Papers /
|c edited by Saddek Bensalem, Doron A. Peled.
|
| 264 |
|
1 |
|a Berlin, Heidelberg :
|b Springer Berlin Heidelberg :
|b Imprint: Springer,
|c 2009.
|
| 300 |
|
|
|a VII, 203 p.
|b online resource.
|
| 336 |
|
|
|a text
|b txt
|2 rdacontent
|
| 337 |
|
|
|a computer
|b c
|2 rdamedia
|
| 338 |
|
|
|a online resource
|b cr
|2 rdacarrier
|
| 347 |
|
|
|a text file
|b PDF
|2 rda
|
| 490 |
1 |
|
|a Lecture Notes in Computer Science,
|x 0302-9743 ;
|v 5779
|
| 505 |
0 |
|
|a Rule Systems for Runtime Verification: A Short Tutorial -- Verification, Testing and Statistics -- Type-Separated Bytecode – Its Construction and Evaluation -- Runtime Verification of Safety-Progress Properties -- Monitor Circuits for LTL with Bounded and Unbounded Future -- State Joining and Splitting for the Symbolic Execution of Binaries -- The LIME Interface Specification Language and Runtime Monitoring Tool -- A Concurrency Testing Tool and Its Plug-Ins for Dynamic Analysis and Runtime Healing -- Bridging the Gap between Algebraic Specification and Object-Oriented Generic Programming -- Runtime Verification of C Memory Safety -- A Combined On-Line/Off-Line Framework for Black-Box Fault Diagnosis -- Hardware Supported Flexible Monitoring: Early Results -- DMaC: Distributed Monitoring and Checking.
|
| 650 |
|
0 |
|a Computer science.
|
| 650 |
|
0 |
|a Computer software
|x Reusability.
|
| 650 |
|
0 |
|a Computer system failures.
|
| 650 |
|
0 |
|a Software engineering.
|
| 650 |
|
0 |
|a Programming languages (Electronic computers).
|
| 650 |
|
0 |
|a Computers.
|
| 650 |
1 |
4 |
|a Computer Science.
|
| 650 |
2 |
4 |
|a Software Engineering.
|
| 650 |
2 |
4 |
|a Software Engineering/Programming and Operating Systems.
|
| 650 |
2 |
4 |
|a Theory of Computation.
|
| 650 |
2 |
4 |
|a Performance and Reliability.
|
| 650 |
2 |
4 |
|a Programming Languages, Compilers, Interpreters.
|
| 650 |
2 |
4 |
|a System Performance and Evaluation.
|
| 700 |
1 |
|
|a Bensalem, Saddek.
|e editor.
|
| 700 |
1 |
|
|a Peled, Doron A.
|e editor.
|
| 710 |
2 |
|
|a SpringerLink (Online service)
|
| 773 |
0 |
|
|t Springer eBooks
|
| 776 |
0 |
8 |
|i Printed edition:
|z 9783642046933
|
| 830 |
|
0 |
|a Lecture Notes in Computer Science,
|x 0302-9743 ;
|v 5779
|
| 856 |
4 |
0 |
|u http://dx.doi.org/10.1007/978-3-642-04694-0
|z Full Text via HEAL-Link
|
| 912 |
|
|
|a ZDB-2-SCS
|
| 912 |
|
|
|a ZDB-2-LNC
|
| 950 |
|
|
|a Computer Science (Springer-11645)
|